Guess the Letter-shaped Flags #7 - Statistics

General Stats
  • This quiz has been taken 55 times
  • The average score is 16 of 20
Answer Stats
Picture Answer % Correct
Japan
98%
Germany
96%
Qatar
93%
Vatican City
93%
Armenia
91%
Ecuador
89%
Iran
87%
Serbia
87%
Romania
84%
Slovenia
84%
Dominican Republic
82%
Lesotho
82%
United Arab Emirates
80%
Guyana
78%
Botswana
76%
Burkina Faso
71%
Papua New Guinea
71%
Tajikistan
69%
Myanmar
67%
Malawi
64%
No matching quizzes found
Score Distribution
Percent of People with Each Score
Percentile by Number Answered
Your Score History
You have not taken this quiz